California Senators by Picture - Statistics

General Stats
  • This quiz has been taken 9 times
  • The average score is 12 of 47
Answer Stats
Picture Hint Answer % Correct
2017-2021 Kamala Harris
100%
1950-1953 Richard Nixon
89%
2024-Present Adam Schiff
78%
2021-Present Alex Padilla
67%
1993-2017 Barbara Boxer
67%
1992-2023 Dianne Feinstein
67%
1850-1851 John C. Frémont
56%
1917-1945 Hiram Johnson
44%
2023-2024 Laphonza Butler
44%
1983-1991 Pete Wilson
44%
1977-1983 S. I. Hayakawa
33%
1969-1993 Alan Cranston
22%
1965-1971 George Murphy
22%
1971-1977 John V. Tunney
22%
1885-1893 Leland Stanford
22%
1964 Pierre Salinger
22%
1933-1938 William Gibbs McAdoo
22%
1945-1959 William Knowland
22%
1873-1879 Aaron A. Sargent
11%
1886-1887 Abram Williams
11%
1891-1893 Charles N. Felton
11%
1959-1964 Clair Engle
11%
1867-1873 Cornelius Cole
11%
1857-1859 David C. Broderick
11%
1869-1873 Eugene Casserly
11%
1905-1911 Frank Flint
11%
1893-1915 George C. Perkins
11%
1886 | 1887-1891 George Hearst
11%
1859-1860 Henry P. Haun
11%
1861-1867 James A. McDougall
11%
1915-1921 James D. Phelan
11%
1879-1885 James T. Farley
11%
1852-1857 John B. Weller
11%
1863-1869 John Conness
11%
1911-1917 John D. Works
11%
1881-1886 John Franklin Miller
11%
1991-1992 John Seymour
11%
1873-1875 John S. Hager
11%
1860-1863 Milton Latham
11%
1875-1881 Newton Booth
11%
1921-1933 Samuel M. Shortridge
11%
1939-1950 Sheridan Downey
11%
1893-1899 Stephen M. White
11%
1953-1969 Thomas Kuchel
11%
1938-1939 Thomas M. Storke
11%
1900-1905 Thomas R. Bard
11%
1850-1855 | 1857-1861 William M. Gwin
11%
No matching quizzes found
Score Distribution
Percent of People with Each Score
Percentile by Number Answered
Your Score History
You have not taken this quiz